000 00655nam a22002171a 4500
999 _c8231
_d8231
001 8231
003 BD-JhCC
005 20180219194354.0
008 180219s1978 bg a|||| |||| 000 0 ben d
035 _a(BD-JhCC) 8231
040 _aBD-JhCC
_dBD-JhCC
041 _aben
082 _a709.1767
_bSAM 1978
100 _aসামাদ, এবনে গোলাম
245 _aইসলামী শিল্পকলা /
_c এবনে গোলাম সামাদ
260 _aঢাকা :
_bবাংলা একাডেমী,
_c1978.
300 _a261 p. :
_bill,
_c21 cm.
650 _aIslamic art
942 _2ddc
_cBK